| 000 | 01211 am a22003015a 4500 | ||
|---|---|---|---|
| 001 | 017468201 | ||
| 003 | OSt | ||
| 005 | 20201128023945.0 | ||
| 008 | 150731t2016 enka frbd 001 0 eng d | ||
| 020 | _a9781292095370 | ||
| 020 | _a1292095377 | ||
| 040 |
_aUkOxU _beng _cUkOxU _dUk _dEG-ScBUE |
||
| 082 | 0 | 4 |
_a658.11 _222 _bBAR |
| 100 | 1 |
_aBarringer, Bruce R. _93115 |
|
| 245 | 1 | 0 |
_aEntrepreneurship : _bsuccessfully launching new ventures / _cBruce R. Barringer, R. Duane Ireland. |
| 250 | _a5th ed., Global ed. | ||
| 260 |
_aHarlow : _bPearson Education Limited, _cc.2016. |
||
| 300 |
_a590 p. : _bill. ; _c28 cm. |
||
| 500 | _a"Authorized adaptation from the United States edition, entitled Entrepreneurship: Successfully Launching New Ventures, 5th edition, ISBN 978-0-13-379719-0, by Bruce R. Barringer and R. Duane Ireland, published by Pearson Education, Inc. © 2016."--Title page verso. | ||
| 500 | _aGlossary : p. 570-579. | ||
| 504 | _aIncludes bibliographical references and indexes. | ||
| 650 | 7 |
_aEntrepreneurship. _2BUEsh _9240 |
|
| 650 | 7 |
_aNew business enterprises. _2BUEsh _9239 |
|
| 651 | _2BUEsh | ||
| 653 |
_bBUSADM _cOctober2016 |
||
| 700 | 1 |
_aIreland, R. Duane, _93119 |
|
| 942 | _2ddc | ||
| 999 |
_c22908 _d22880 |
||